000 01416nam a22003977a 4500
003 CHAP
005 20220329140432.0
008 971013s1982 r 00010 d
010 _a51895
011 _a52867
035 _a57017
040 _cCHAP
090 _aTesis
100 0 0 _aSánchez Campos, Conrado.
_9107390
245 _aPrueba de rendimiento de cuatro variedades de sorgo forrajero (Sorghum vulgare Pers.) con diferentes dosis de fertilización
260 _aMarín, N.L. :
_bEl autor,
_c1982
300 _a42 h.
502 _aTesis (Ing. Agr. Zootecnista) -- Univ. Autónoma de Nuevo León. Fac. de Agronomía
590 _aALEPH
_b10
_c20130110
_lUCH01
_h1328
590 _aBATCH-UPD
_b10
_c20130110
_lUCH01
_h0011
590 _aBATCH-UPD
_b10
_c20130110
_lUCH01
_h0350
590 _aBATCH-UPD
_b10
_c20130110
_lUCH01
_h2154
590 _aBATCH-UPD
_b10
_c20130409
_lUCH01
_h1948
590 _aBATCH-UPD
_b10
_c20130410
_lUCH01
_h0808
590 _aBATCH-UPD
_b10
_c20130914
_lUCH01
_h1426
590 _aCONVERSION
_b10
_c20130109
_lUCH01
_h1328
650 1 4 _aFósforo
_xEfecto en sorgo.
_942254
650 1 4 _aNitrógeno
_xEfecto en sorgo.
_981461
650 1 4 _aPotasio
_xEfecto en sorgo.
_991113
650 1 4 _aSorgo como forraje.
_9108743
650 1 4 _aSorgo
_xRendimiento.
_9108714
650 1 4 _aSorgo
_xVariedades.
_9108734
901 _aBK
942 _cTESIS
949 _bBC
_cTES
_d-124219
_eTS1
_i57017
_si
999 _c51895
_d51895